Normal view
MARC view
- Wiley series in probability and mathematical statistics.
Entry Uniform Title
001 - CONTROL NUMBER
- control field: 5362
003 - CONTROL NUMBER IDENTIFIER
- control field: NUST
005 - DATE AND TIME OF LATEST TRANSACTION
- control field: 20171012100644.0
008 - FIXED-LENGTH DATA ELEMENTS
- fixed length control field: 171012|| aca||aabn | a|a d
040 ## - CATALOGING SOURCE
- Original cataloging agency: NUST
- Transcribing agency: NUST
130 ## - HEADING--UNIFORM TITLE
- Uniform title: Wiley series in probability and mathematical statistics.
- Name of part/section of a work: Applied probability and statistics
670 ## - SOURCE DATA FOUND
- Source citation: Work cat.: (NUST)0: Wonnacott, Thomas H., 1935- 5361, Introductory statistics /, c1990.
